00000000cam 2200000zi 4500
0019.951970
003CaOODSP
00520251107092207
006m     o  d f      
007cr bn|||||||||
008250605s2025    onc     ol   f000 0 eng d
040 |aCaOODSP|beng|erda|cCaOODSP
0410 |aeng|afre
043 |an-cn---
0861 |aXB451-204/1-PDF
1101 |aCanada. |bParliament. |bHouse of Commons, |eissuing body.
24513|aAn Act to amend the Income Tax Act (volunteer firefighting and search and rescue volunteer tax credit) = |bLoi modifiant la Loi de l'impôt sur le revenue (crédit d'impôt pour les pompiers volontaires et les volontaires en recherche et sauvetage).
24611|aLoi modifiant la Loi de l'impôt sur le revenue (crédit d'impôt pour les pompiers volontaires et les volontaires en recherche et sauvetage)
264 1|a[Ottawa] : |bHouse of Commons of Canada = Chambre des communes du Canada, |c2025.
300 |a1 online resource (ii, 2 pages).
336 |atext|btxt|2rdacontent
337 |acomputer|bc|2rdamedia
338 |aonline resource|bcr|2rdacarrier
4901 |aBill C-... ; |vBill C-204, 1st Session, 45th Parliament
500 |a"First Session, Forty-fifth Parliament, 3 Charles III, 2025."
500 |a"Bill C-204."
500 |a"First reading, June 4, 2025."
500 |a"Mr. Johns."
500 |a"451008."
520 |a"This enactment amends subsections 118.06(2) and 118.07(2) of the Income Tax Act in order to increase the amount of the tax credits for volunteer firefighting and search and rescue volunteer services from $6,000 to $10,000. The enactment also modifies the definition of "eligible volunteer firefighting services""--Summary, page ii.
546 |aText in English and French.
61010|aCanada. |tIncome Tax Act.
650 0|aVolunteer fire fighters|xTaxation|xLaw and legislation|zCanada.
650 0|aVolunteer workers in search and rescue operations|xTaxation|xLaw and legislation|zCanada.
650 0|aIncome tax|xLaw and legislation|zCanada.
650 0|aTax credits|xLaw and legislation|zCanada.
655 7|aLegislative bills|2lcgft
788 |tAn Act to amend the Income Tax Act (volunteer firefighting and search and rescue volunteer tax credit) = |efre|w(CaOODSP)9.951972
830#0|aBill C-...|vBill C-204, 1st Session, 45th Parliament.|w(CaOODSP)9.500659
85640|qPDF|s134 KB|uhttps://publications.gc.ca/collections/collection_2025/parl/XB451-204-1.pdf
8564 |qHTML|sN/A|uhttps://www.parl.ca/documentviewer/en/45-1/bill/C-204/first-reading?col=2